000 00430nam a2200145Ia 4500
008 100204s9999 xx 000 0 und d
082 _b20231
100 _aपेठे मेघना
245 _aहंस अकेला
260 _b"राजहंस प्रकाशन , पुणे"
_c1997
300 _a152
630 _aहंस अकेला
730 _aहंस अकेला
942 _cBOOK
999 _c464653
_d464650